| 000 | 00612cam a2200241 4500 | ||
|---|---|---|---|
| 001 | J100509 | ||
| 008 | 000000n1999 000 0 eng u | ||
| 035 | _a(Sirsi) u100509 | ||
| 041 | _aeng | ||
| 050 | _a332.63240944 | ||
| 110 |
_aClifford Chance _92015 |
||
| 245 | _aInvesting in commercial property in France. | ||
| 260 |
_aLondon _bClifford Chance _c1999 |
||
| 300 | _a56p. ; 30cm. | ||
| 350 | _a0 | ||
| 650 | _aPROPERTY-COMMERCIAL PROPERTY | ||
| 650 | _aFRANCE | ||
| 650 | _aPROPERTY FINANCE | ||
| 650 | _aPROPERTY INVESTMENT | ||
| 650 | _aTAXATION | ||
| 690 | _aOVERSEAS-EUROPE | ||
| 942 | _n0 | ||
| 999 |
_c99709 _d99709 |
||